000 00621cab a2200193 4500
001 ABS39835
008 090401t1988 xxu||||| |||| 00| 0 eng d
035 _a(Sirsi) u19261
041 _aeng
100 _aPoole, A.H.
245 _aAcquiring milk quota
260 _c1988
350 _a0
490 _aFarm Management
_v6(11) Autumn 1988, 447-453(7)
520 _aDiscusses acquiring milk quota by leasing or outright purchase . The annual cost of acquisition is examined; also considers values which can be justified in different circumstances.
690 _aRURAL PRACTICE
942 _n0
948 _c04/03/1997
999 _c12842
_d12842